[Event "Bad Homburg"]
[Site "Bad Homburg"]
[Date "1997.08.03"]
[Round "9"]
[White "Hracek, Zbynek"]
[Black "Gabriel, Christian"]
[Result "1-0"]
[WhiteElo "2605"]
[BlackElo "2575"]
[Annotator "Wedberg,T"]
[PlyCount "47"]
[EventDate "1997.07.26"]
[EventType "tourn"]
[EventRounds "9"]
[EventCountry "GER"]
[EventCategory "14"]
[SourceTitle "CBM 060"]
[Source "ChessBase"]
[SourceDate "1997.09.29"]
[SourceVersion "1"]
[SourceVersionDate "1997.09.29"]
[SourceQuality "1"]

1. e4 e5 2. Nf3 Nc6 3. Bb5 a6 4. Ba4 Nf6 5. O-O Be7 6. Re1 b5 7. Bb3 d6 8. c3
O-O 9. h3 Nb8 10. d4 Nbd7 11. Nbd2 Bb7 12. Bc2 Re8 13. a4 Bf8 14. Bd3 c6 15.
Nf1 g6 (15... Nh5 $6 16. g3 g6 17. Ne3 Ng7 18. Ng4 $16) (15... d5 16. Bg5 dxe4
17. Bxe4 $5 h6 18. dxe5 $1 hxg5 19. exf6 Nxf6 20. Nxg5 Nxe4 21. Nxe4 c5 22.
Nfg3 $16) 16. Ng3 Bg7 17. Bg5 Qc7 (17... Rb8 18. Qd2 Bc8 19. b4 Qe7 20. Bf1 Qf8
21. Bd3 h5 22. Be3 Nh7 23. axb5 cxb5 $13 {1/2-1/2 Khalifman,A-Lalic,B/
Hastings9596 1996/CBM 51 (45)}) (17... h6 18. Bd2 Qc7 (18... Qe7 19. Qc2 Qf8
20. Rad1 Rac8 21. Bc1 Rc7 22. b3 d5 $11 {1/2-1/2 Hellers,F-Giorgadze,G/EU-chT
Debrecen 1992/EU-chT (30)}) 19. Qc1 Kh7 20. Qc2 c5 21. b4 c4 22. Bf1 Nb6 23. a5
Nbd7 $11 {1/2-1/2 Ladic,J-Sentic,P/Djakovo op 1994/EXT 94op (28)}) 18. Qd2 d5
19. dxe5 Nxe5 20. Nxe5 Qxe5 21. Bf4 Qe6 22. e5 Nd7 23. Bh6 f6 $4 (23... bxa4
$142) (23... Bh8 $142) 24. Bxg7 (24. Bxg7 Kxg7 25. Bf5 $3 gxf5 26. exf6+ Nxf6 (
26... Qxf6 27. Nh5+ $18) 27. Rxe6 Rxe6 28. Nxf5+ $18) 1-0

[Event "Corus"]
[Site "Wijk aan Zee"]
[Date "2005.01.29"]
[Round "12"]
[White "Polgar, Judit"]
[Black "Sokolov, Ivan"]
[Result "1-0"]
[WhiteElo "2728"]
[BlackElo "2685"]
[Annotator "Wedberg,T"]
[PlyCount "79"]
[EventDate "2005.01.15"]
[EventType "tourn"]
[EventRounds "13"]
[EventCountry "NED"]
[EventCategory "19"]
[SourceTitle "CBM 105"]
[Source "ChessBase"]
[SourceDate "2005.04.11"]
[SourceVersion "1"]
[SourceVersionDate "2005.04.11"]
[SourceQuality "1"]

1. e4 e5 2. Nf3 Nc6 3. Bb5 a6 4. Ba4 Nf6 5. O-O Be7 6. Re1 b5 7. Bb3 d6 8. c3
O-O 9. h3 Nb8 10. d4 Nbd7 11. Nbd2 Bb7 12. Bc2 c5 13. d5 (13. Nf1 {is more
common, but often it's just a transposition, since d5 comes later anyway.})
13... g6 14. Nf1 a5 $146 {[%mdl 8] In the main line White often takes the
initiative on the Q-side with a timely a2-a4. So Sokolov concentrates on the
Q-side right away.} (14... Nh5 15. Bh6 Ng7 16. Ne3 Nf6 17. a4 Kh8 18. b3 Rb8
19. Qe2 Bc8 20. axb5 axb5 21. Ra7 $14 {1-0 Karpov,A-Gligoric,S/Leningrad 1973/
IZT/[ChessBase] (62)}) 15. a4 b4 {White is invited to close the Q-side.} 16.
Bd3 (16. c4 {is possible, but it gives Black a clear picture of what to do 
(play on the K-side). Judit prefers to keep more options.}) 16... Qc7 17. Ne3
bxc3 18. bxc3 c4 19. Bc2 (19. Nxc4 Ba6 $132) 19... Ba6 20. Nd2 Rfc8 21. Ba3 Bf8
22. Qf3 Bg7 23. g3 Rab8 24. Kg2 Nb6 25. g4 $1 {White must start to attack
before Black manages to open lines on the other side.} Nfd7 26. h4 Nc5 {
[%cal Yc5d3]} 27. Bxc5 $1 {Else Black jumps in on d3 with serious play coming.}
Qxc5 28. h5 Nd7 $6 (28... Bh6 $5 29. Qf6 (29. Rh1 Bf4 30. hxg6 fxg6 31. Qh3 Rc7
) 29... Nd7 30. Qh4 Bf4 31. hxg6 fxg6 32. g5 Rb2 33. Rh1 Nf8 34. Ndf1 Qc7 $15)
29. Rh1 Nf8 30. g5 $1 $14 {Black is subdued on the K-side and can only wait to
see how White is going to increase the pressure against the K.} Rb2 31. Ng4
gxh5 (31... Rxc2 32. h6 f5 (32... Bh8 33. Nf6+ $18) 33. gxf6 Bxf6 (33... Bh8 $4
34. f7#) 34. Nxf6+ Kh8 35. Nd7 $1 Nxd7 36. Qf7 Rg8 37. Qxd7 Qb6 38. Rhb1 Qd8
39. Qxd8 Rxd8 40. Rb6 Rxd2 41. Rxa6 $16) 32. Nf6+ Bxf6 33. gxf6 Ng6 (33... Rxc2
34. Qxh5 Rxd2 35. Qg5+ Ng6 36. Qxd2 Nf4+ 37. Kf3 $18 {Black is helpless
against the attack on the h-file.}) 34. Kf1 h4 35. Qh5 Kh8 36. Nf3 Rxc2 37. Rh2
$1 Rxf2+ (37... Nf4 38. Qxh4 h5 39. Qg5 Rxf2+ 40. Rxf2 Qxf2+ 41. Kxf2 Nh3+ 42.
Ke3 Nxg5 43. Nxg5 $18) 38. Rxf2 Nf4 39. Qxh4 Rg8 40. Rh2 1-0

[Event "Lost Boys 5th"]
[Site "Antwerp"]
[Date "1997.??.??"]
[Round "1"]
[White "Topalov, Veselin"]
[Black "Van der Sterren, Paul"]
[Result "1-0"]
[WhiteElo "2745"]
[BlackElo "2555"]
[Annotator "Wedberg,T"]
[PlyCount "109"]
[EventDate "1997.08.01"]
[EventType "tourn"]
[EventRounds "7"]
[EventCountry "BEL"]
[EventCategory "15"]
[SourceTitle "CBM 061"]
[Source "ChessBase"]
[SourceDate "1997.11.23"]
[SourceVersion "1"]
[SourceVersionDate "1997.11.23"]
[SourceQuality "1"]

{Veselin Topalov plays the model plan against the Breyer defence, invading the
Q-side with the R:s on the a-file. Van der Sterrens tactic of offering
reconsiliatory pawns is without success.} 1. e4 e5 2. Nf3 Nc6 3. Bb5 a6 4. Ba4
Nf6 5. O-O Be7 6. Re1 b5 7. Bb3 d6 8. c3 O-O 9. h3 Nb8 10. d4 Nbd7 11. Nbd2 Bb7
12. Bc2 Re8 13. Nf1 Bf8 14. Ng3 g6 15. a4 c5 16. d5 c4 17. Bg5 h6 18. Be3 Nc5
19. Qd2 h5 20. Bg5 Be7 21. Ra3 Rb8 22. Rea1 $146 (22. Qe3 Nh7 (22... Bc8 23.
axb5 axb5 24. Rea1 Nh7 25. Bxe7 Rxe7 $11 {Ebeling,M-Valkesalmi,K/Espoo 1988/
EXT 88b/1/2-1/2 (54)}) 23. Bxe7 Qxe7 24. Rea1 Bc8 25. axb5 axb5 26. Nd2 Rb7 27.
Ra5 h4 28. Ngf1 f5 $132 {1/2-1/2 Kavalek,L-Spassky,B/Turin 1982/MCD-r8 (56)}) (
22. axb5 axb5 23. Be3 Bf8 24. Qe2 Bc8 25. Nd2 Bd7 26. Rea1 Qc8 27. Ra7 Rb7 28.
Qf1 $14 {Dimitrov,V-Gullaksen,E/EU-chT Debrecen 1992/EU-chT/1-0 (56)}) 22...
Nh7 23. Be3 {White should not exchange this B} Bf6 24. Ne2 Nf8 25. Nc1 Nfd7 26.
axb5 axb5 27. b4 cxb3 28. Nxb3 Qc7 29. Nxc5 Nxc5 30. Qe2 Bc8 31. Ra7 Qd8 32.
R1a5 Re7 $2 (32... Bd7 $14) 33. Rxe7 Bxe7 34. Rxb5 Ba6 35. Rxb8 Qxb8 36. Qd1
$16 {A pawn is a pawn} Qc7 37. Qa1 Bc8 38. Qa3 Nd7 39. Nd2 Kg7 40. Ba4 f5 41.
Bxd7 Bxd7 42. Qb4 Bc8 43. c4 Ba6 44. Qa4 Qc8 45. f3 Kf7 46. Kf1 Bh4 47. Ke2 Kg7
48. Qb4 Qc7 49. Kd1 Bd8 50. Kc2 f4 51. Bf2 Qa5 $2 52. Qxd6 $1 $18 Qa2+ 53. Kc1
Qa1+ 54. Nb1 Ba5 55. Qa3 1-0

[Event "Petrov Memorial op"]
[Site "St Petersburg"]
[Date "1996.??.??"]
[Round "9"]
[White "Korneev, Oleg"]
[Black "Sulskis, Sarunas"]
[Result "1-0"]
[WhiteElo "2590"]
[BlackElo "2505"]
[Annotator "Wedberg,T"]
[PlyCount "121"]
[EventDate "1996.02.??"]
[EventType "swiss"]
[EventRounds "9"]
[EventCountry "RUS"]
[SourceTitle "CBM 052"]
[Source "ChessBase"]
[SourceDate "1996.06.01"]
[SourceVersion "1"]
[SourceVersionDate "1996.06.01"]
[SourceQuality "1"]

1. e4 e5 2. Nf3 Nc6 3. Bb5 a6 4. Ba4 Nf6 5. O-O Be7 6. Re1 b5 7. Bb3 d6 8. c3
O-O 9. h3 Nb8 10. d4 Nbd7 11. Nbd2 Bb7 12. Bc2 Re8 13. a4 Bf8 14. Bd3 c6 15. b3
Qc7 (15... g6 16. Qc2 Rc8 17. Bb2 Bg7 18. Rad1 (18. c4 exd4 19. Bxd4 Nh5 20.
Bxg7 Nxg7 21. b4 a5 22. cxb5 cxb5 23. Qb2 bxa4 24. Bb5 axb4 25. Qxb4 Bc6 26.
Bxc6 Rxc6 27. Qxa4 Rc8 28. Qd4 $14 {Adams,M-Motwani,P/London/1990}) (18. Bf1
Nh5 19. c4 exd4 20. Nxd4 b4 21. Rad1 c5 22. Ne2 Ne5 23. f4 Nd3 24. Qxd3 Bxb2
$13 {Leko,P-Wells,P/Budapest/1993}) 18... Qc7 19. b4 Nb6 20. a5 Nbd7 (20... Na4
$5 {/\c5 I.Gurevich}) 21. dxe5 dxe5 22. c4 $16 {1-0 Hellers,F-Morrisson,W/
Intercollegiate Chess Ch/New York/1995}) 16. Bb2 Rac8 17. Qc2 Qb8 18. Rad1 g6
19. Qb1 Nh5 20. Bf1 Bg7 21. g3 Ba8 22. axb5 axb5 23. dxe5 dxe5 24. c4 Bf8 25.
Qd3 Nc5 26. Qe2 b4 $10 27. Nh2 Rcd8 28. Ndf3 f6 29. Qc2 Rxd1 30. Rxd1 Rd8 31.
Ng4 Rxd1 32. Qxd1 Qd6 33. Qc2 Bb7 34. Bc1 Bc8 35. Kg2 Be6 36. Bd2 Qb8 37. Be2
Nd7 38. Ne1 Nc5 39. Nh6+ Kh8 40. Bg4 Nf4+ 41. gxf4 Bxh6 42. Be3 Bxg4 43. hxg4
Nd7 $2 (43... Ne6 44. f5 Bxe3 45. fxe6 Bd4 $13) 44. Qd3 $1 exf4 45. Qxd7 fxe3
46. Qxc6 Qd8 47. Qd5 Qc8 48. f3 $16 Qa6 49. e5 $1 Qa2+ 50. Kh3 Qd2 51. exf6
Qxd5 52. cxd5 {+-} Bg5 53. Kg3 Bxf6 54. Nc2 e2 55. Kf2 Kg7 56. Kxe2 Be7 57. Ne3
Kf6 58. f4 h5 59. Kf3 Bc5 60. Nc4 h4 61. g5+ 1-0

[Event "RUS-Cup4"]
[Site "Perm"]
[Date "1997.02.14"]
[Round "7"]
[White "Bezgodov, Alexei"]
[Black "Balashov, Yuri S"]
[Result "0-1"]
[WhiteElo "2570"]
[BlackElo "2510"]
[Annotator "Wedberg,T"]
[PlyCount "106"]
[EventDate "1997.02.02"]
[EventType "swiss"]
[EventRounds "9"]
[EventCountry "RUS"]
[SourceTitle "CBM 058"]
[Source "ChessBase"]
[SourceDate "1997.06.01"]
[SourceVersion "1"]
[SourceVersionDate "1997.06.01"]
[SourceQuality "1"]

{Balashovs play in the center in this game is worth a close study. Rather than
waiting, with a flexible P-formation: a6, b5, c6, d6 and e5, he plays actively:
exd4, d5, b4 and c5. The preliminary 18 .- exd4 is a novelty.} 1. e4 e5 2. Nf3
Nc6 3. Bb5 a6 4. Ba4 Nf6 5. O-O Be7 6. Re1 b5 7. Bb3 d6 8. c3 O-O 9. h3 Nb8 10.
d4 Nbd7 11. Nbd2 Bb7 12. Bc2 Re8 13. a4 Bf8 14. Bd3 c6 15. b3 g6 16. Qc2 Rc8
17. Bb2 Nh5 (17... Bg7 18. Bf1 (18. c4 exd4 19. Bxd4 Nh5 20. Bxg7 Nxg7 $10 {
Adams,M-Motwani,P/LondonWFW/1990/}) 18... Nh5 19. c4 exd4 20. Nxd4 b4 21. Rad1
c5 22. Ne2 Ne5 $13 {Leko,P-Wells,P/Budapest Exp 1993/[Ernst]/1-0 (54)}) 18. Bf1
exd4 $146 (18... Nf4 19. g3 Ne6 20. h4 Qb6 21. Bh3 Rcd8 22. Rad1 Bg7 23. Nf1
Ndf8 24. axb5 axb5 25. Ne3 h5 $13 {1-0 Huebner,R-Smejkal,J/BL 1989 (40)}) 19.
cxd4 d5 {Balashov tries a new and interesting strategy of making the center
static. The Black minor pieces are better placed than Whites in the ensuing
position.} 20. e5 b4 $1 $15 {Now c5 is coming. Already Blacks position is
preferable.} 21. Nh2 c5 22. Qd3 cxd4 23. Ndf3 (23. Bxd4 Nf4 24. Qg3 Ne6 $17) (
23. Qxd4 Ng7 $15 {/\Ne6}) 23... Nc5 24. Qd1 Ne4 25. Bxd4 Nf4 26. Ng4 Ne6 27.
Bb2 Bg7 28. Rc1 Nc3 $1 29. Qd2 d4 {Black has a nice aggressive position. The N
on c3 is very annoying for White.} 30. Ngh2 Rc7 31. h4 h5 32. Bc4 Rd7 33. Qd3
Kh8 34. Bxe6 $6 (34. Qd2 $142) 34... Rxe6 35. Qc4 Bh6 36. Qxb4 a5 37. Qa3 Bxc1
38. Bxc1 d3 $19 39. Bg5 Qc8 40. Bf6+ (40. Bd2 Ne2+ 41. Kh1 Nd4 42. Nxd4 Rxd4
$19) 40... Rxf6 41. exf6 d2 42. Nxd2 Rxd2 43. Qe7 Rd7 44. Qe5 Kh7 45. Qxa5 (45.
Rc1 $4 Ne2+ $19) 45... Nd5 46. Nf3 Nxf6 47. Ng5+ Kg8 48. Qe5 Qc6 49. f3 Qb6+
50. Kh2 Qf2 51. Qg3 Qd4 52. Re5 Bd5 53. Re2 Kg7 0-1

[Event "Moscow Aeroflot op-A"]
[Site "Moscow"]
[Date "2005.02.23"]
[Round "9"]
[White "Ponomariov, Ruslan"]
[Black "Gyimesi, Zoltan"]
[Result "1-0"]
[WhiteElo "2700"]
[BlackElo "2602"]
[Annotator "Wedberg,T"]
[PlyCount "85"]
[EventDate "2005.02.15"]
[EventType "swiss"]
[EventRounds "9"]
[EventCountry "RUS"]
[SourceTitle "CBM 106"]
[Source "ChessBase"]
[SourceDate "2005.06.06"]
[SourceVersion "1"]
[SourceVersionDate "2005.06.06"]
[SourceQuality "1"]

1. e4 e5 2. Nf3 Nc6 3. Bb5 a6 4. Ba4 Nf6 5. O-O Be7 6. Re1 b5 7. Bb3 O-O 8. c3
d6 9. h3 Nb8 10. d4 Nbd7 11. Nbd2 Bb7 12. Bc2 Re8 13. Nf1 (13. b4 {Fischer,
R-Spassky,B/Reykjavik m-10/1972/}) 13... Bf8 14. Ng3 g6 15. Bg5 h6 16. Bd2 Bg7
17. a4 c5 18. d5 c4 19. b4 cxb3 (19... Nh7 $6 20. Be3 h5 21. Qd2 Rf8 22. Ra3
Ndf6 23. Rea1 Qd7 24. R1a2 Rfc8 25. Qc1 Bf8 26. Qa1 $16 {1-0 Fischer,R-Spassky,
B/Belgrade 1992/CBM 031/[Chandler,M] (49)}) 20. Bxb3 Nc5 21. c4 $5 (21. axb5
axb5 22. Bc2 Qc7 23. Rb1 Ba6 24. Rb4 Nfd7 $11 {1/2-1/2 Thipsay,P-Sriram,J/
Calicut 2003/CBM 097 ext (35)}) 21... bxc4 (21... Qd7 22. cxb5 axb5 23. a5 Rec8
24. Bc2 Rc7 25. Ra3 Rac8 26. Nh4 Kh7 27. f4 exf4 28. Bxf4 Ng8 29. Ngf5 $13 {
1/2-1/2 Mista,A-Socko,B/Warsaw 2004/CBM 101 (51)}) 22. Bxc4 $14 {White has
more space. So at least his game is more comfortable.} Qc7 23. Qe2 Reb8 24. a5
Bc8 25. Be3 Nfd7 26. Rec1 Kh7 27. Ne1 Bf6 28. Nf3 Qd8 29. Qd2 Bg7 30. h4 $1 {
White must use a two front strategy to make the most of his mobility. Now the
threat to play h5 is quite annoying to Black who has no structurally good
answer. He decides to stop it.} h5 31. Ng5+ Kg8 32. Ra3 $1 {White is using all
that space he commands. Black has no easy way to improve his coordination.} Qe7
33. Qd1 $1 {Black now also has to watch out for a sac on h5.} Ra7 34. Rac3 Rc7
35. Be2 Rb4 36. Nxh5 $1 {[%mdl 512] Daring but logical.} gxh5 37. Bxh5 f6 38.
Bf7+ Kf8 39. Ne6+ Kxf7 (39... Nxe6 40. Rxc7 Nxc7 41. Rxc7 Qxf7 (41... Kxf7 42.
Rxc8 Nf8 43. h5 Rxe4 44. h6 $18) 42. Rxc8+ Ke7 43. Qc1 $40) 40. Nxg7 Kxg7 41.
Qh5 $18 {[%cal Ye3h6,Yc3g3] The R on the third rank decides.} Rxe4 42. Bh6+ Kh8
43. Rg3 1-0

[Event "RUS-ch m1-2"]
[Site "Elista"]
[Date "1997.05.23"]
[Round "2.2"]
[White "Khalifman, Alexander"]
[Black "Goldin, Alexander"]
[Result "1-0"]
[WhiteElo "2650"]
[BlackElo "2590"]
[Annotator "Wedberg,T"]
[PlyCount "99"]
[EventDate "1997.05.19"]
[EventType "k.o."]
[EventRounds "6"]
[EventCountry "RUS"]
[SourceTitle "CBM 059"]
[Source "ChessBase"]
[SourceDate "1997.08.01"]
[SourceVersion "1"]
[SourceVersionDate "1997.08.01"]
[SourceQuality "1"]

{Khalifman knows his ideas in the Breyer. When Black misses his chance for
equality, Khalifman turns up the pressure with every move.} 1. e4 e5 2. Nf3 Nc6
3. Bb5 a6 4. Ba4 Nf6 5. O-O Be7 6. Re1 b5 7. Bb3 d6 8. c3 O-O 9. h3 Nb8 10. d4
Nbd7 11. Nbd2 Bb7 12. Bc2 Re8 13. a4 Bf8 14. Bd3 c6 15. b3 Qc7 16. Qc2 g6 17.
Bb2 Rac8 18. Rad1 Bg7 19. b4 (19. Bf1 Qb8 20. Qb1 Ba8 21. Qa2 Nh5 22. b4 Re7
23. c4 exd4 24. Bxd4 Bxd4 25. Nxd4 $14 {Steingrimsson,H-Hauchard,A/Reykjavik
FRA-ISD 1993/CBM 35/[Ernst]/1-0 (57)}) (19. Ba1 $5 {Hellers}) 19... Nh5 $6 (
19... Nb6 $6 20. a5 Nbd7 21. dxe5 dxe5 22. c4 bxc4 23. Bxc4 h6 24. Bc3 Rb8 25.
Qa2 Nf8 26. Nb3 $16 {1-0 Hellers,F-Morrison,W/Pan-American Intercollegiate
Chess Ch N 1995 (43)}) (19... d5 $1 {This move is the reason why 19.b4 is not
so great.} 20. Nxe5 Nxe5 21. dxe5 Nxe4 22. Bxe4 dxe4 23. Nxe4 Qxe5 $11 {Hellers
}) 20. Bf1 Nb6 21. a5 Nd7 {Black is doing nothing, but White has a plan.} 22.
dxe5 Nxe5 23. Nxe5 dxe5 24. c4 $16 Qe7 25. Nb3 $1 Rcd8 (25... Qxb4 $2 26. c5
$18 {ףb4}) 26. Nc5 {White has reached an ideal position in this line. Black
may not be lost, but he has an uphill struggle ahead.} Bc8 27. g3 Nf6 28. Bc1
Nd7 29. Be3 Nxc5 30. Bxc5 Qb7 31. Bb6 {The B proves to be just as irritating
as the N was.} Rxd1 32. Rxd1 Be6 33. Kh2 h5 34. h4 Kh7 35. Bc5 Qc8 (35... Bf8
36. Bxf8 Rxf8 37. cxb5 cxb5 38. Qc5 $16) 36. Bb6 Qb7 37. Bh3 $1 {Exchanging
Be6 will leave Black without defence on the d-file.} Bxc4 38. Rd7 Qa8 39. Ra7
Qb8 40. Rxa6 Qd6 41. Bc5 Qf6 42. Qd2 Bf8 43. Qg5 $18 Qf3 44. Bg2 Qe2 45. Bxf8
Rxf8 46. Qf6 Rc8 47. Rb6 Be6 48. a6 Qa2 49. Bh3 Bxh3 50. Kxh3 1-0

[Event "Capablanca Memorial-A"]
[Site "Cuba"]
[Date "1993.??.??"]
[Round "2"]
[White "Magem Badals, Jordi"]
[Black "Henao, Raul Fernando"]
[Result "1-0"]
[WhiteElo "2510"]
[BlackElo "2405"]
[Annotator "Wedberg,T"]
[PlyCount "69"]
[EventDate "1993.??.??"]
[EventType "tourn"]
[EventRounds "13"]
[EventCountry "CUB"]
[EventCategory "10"]
[SourceTitle "CBM 036"]
[Source "ChessBase"]
[SourceDate "1993.10.01"]
[SourceVersion "1"]
[SourceVersionDate "1993.10.01"]
[SourceQuality "1"]

1. e4 e5 2. Nf3 Nc6 3. Bb5 a6 4. Ba4 Nf6 5. O-O Be7 6. Re1 b5 7. Bb3 d6 8. c3
O-O 9. h3 Bb7 10. d4 Re8 11. Ng5 Rf8 12. Nf3 Re8 13. Nbd2 Bf8 14. Bc2 h6 15. d5
Nb8 16. b3 c6 17. c4 Nbd7 18. a4 $146 (18. Nf1 Qc7 19. Be3 Rec8 20. Rc1 Qd8 21.
Ng3 {+/= Karpov-Balashov, München 1979}) 18... bxc4 (18... Qc7 $5) 19. bxc4 a5
20. Nb3 Ba6 $6 21. Bd3 Bb7 22. Bd2 $16 cxd5 23. cxd5 Bxd5 $2 24. exd5 e4 25.
Bxa5 $1 $18 Qb8 (25... Rxa5 26. Nxa5 Qxa5 27. Bb5 exf3 28. Rxe8 Nxe8 29. Bxd7
$18) 26. Bb5 exf3 27. Rxe8 Qxe8 28. Qxf3 Qe5 29. Bc3 Qg5 30. Bc6 Rb8 31. Bxf6
Nxf6 32. a5 Qe5 33. Rb1 Qe7 34. Qe3 Qc7 35. Ra1 1-0

[Event "VAM Hoogeveen 2nd"]
[Site "Hoogeveen"]
[Date "1998.10.21"]
[Round "3"]
[White "Polgar, Judit"]
[Black "Spassky, Boris Vasilievich"]
[Result "1-0"]
[WhiteElo "2665"]
[BlackElo "2545"]
[Annotator "Wedberg,T"]
[PlyCount "81"]
[EventDate "1998.10.18"]
[EventType "tourn"]
[EventRounds "6"]
[EventCountry "NED"]
[EventCategory "14"]
[SourceTitle "EXT 1999"]
[Source "ChessBase"]
[SourceDate "1998.11.16"]
[SourceVersion "1"]
[SourceVersionDate "1998.11.16"]
[SourceQuality "1"]

1. e4 e5 2. Nf3 Nc6 3. Bb5 a6 4. Ba4 Nf6 5. O-O Be7 6. Re1 b5 7. Bb3 d6 8. c3
O-O 9. h3 Nb8 10. d4 Nbd7 11. Nbd2 Bb7 12. Bc2 Re8 13. Nf1 exd4 $6 {Spassy
tries something new. The standard approach is to strengthen e5 by Bf8. Perhaps
he wanted to surprise his theoretically well prepared opponent.} (13... d5 $6 {
tried a couple of times by Spassky, but without much success.} 14. Ng3 (14.
dxe5 Nxe4 $11 {1/2-1/2 De Firmian,N-Smejkal,J/Vrsac 1983/MCD (59)}) (14. Nxe5
Nxe5 15. dxe5 Nxe4 16. f3 Nc5 (16... Ng5 17. Ng3 f6 18. Bxg5 fxg5 19. Qb1 $40 {
1-0 Chandler,M-Spassky,B/BL8485 1985/GER-chT (51)}) 17. b4 Nd7 18. f4 a5 19.
Qd3 g6 20. Qxb5 $16 {1-0 Kindermann,S-Spassky,B/BL8384 1984/GER-chT (51)})
14... Nxe4 15. Nxe4 dxe4 16. Nxe5 Nxe5 17. dxe5 Bc5 18. Qxd8 Raxd8 {1/2-1/2
Tal,M-Spassky,B/Niksic 1983/MCD (18)} (18... Raxd8 19. Bf4 {1/2-1/2 Ljubojevic,
L-Spassky,B/Niksic 1983/MCD (19)})) (13... Bf8 14. Ng3 g6 15. b3 {This has
been tried three times between Judit Polgar and Boris Spassky. The score is
2-1 to Judit.} (15. a4 {the standard move.}) 15... d5 (15... Bg7 16. d5 Bf8 (
16... Nb6 17. Be3 Rc8 18. Qe2 c6 19. c4 cxd5 20. cxd5 Nbxd5 $1 21. exd5 Nxd5
$132 {0-1 Polgar,J-Spassky,B/Budapest 1993/CBM 33/[Ftacnik] (74)}) 17. Bg5 h6
18. Be3 c6 19. c4 a5 20. Qd2 Kh7 21. Nh2 b4 $6 22. Ng4 Nxg4 23. hxg4 $14 {
1-0 Polgar,J-Spassky,B/Budapest 1993/CBM 33/[Ftacnik] (40)}) 16. Bg5 $1 h6 17.
Bh4 dxe4 18. Nxe4 g5 19. dxe5 $1 Nxe4 20. Bxe4 Bxe4 21. Rxe4 gxh4 22. Rd4 $16 {
1-0 Polgar,J-Spassky,B/Budapest 1993/CBM 33/[Ftacnik] (42)}) 14. cxd4 d5 15. e5
Ne4 {A good post for the N - if it is allowed to stay.} 16. N3d2 $1 Nxd2 17.
Bxd2 c5 18. Ne3 g6 (18... cxd4 19. Nf5 Bc5 20. Qg4 g6 21. Nh6+ Kg7 22. Nxf7
Kxf7 23. e6+ $16) 19. Ng4 Bf8 20. dxc5 Bxc5 21. Nh6+ {[%mdl 128] The attack
begins. Quite logical given the weaknesses surrounding the black K.} Kg7 22.
Qf3 f6 (22... Nxe5 $2 23. Rxe5 Rxe5 24. Qxf7+ Kh8 25. Qxb7 $18) 23. e6 Nf8 24.
b4 Bb6 25. e7 $5 {Clearing the way for the attackers and very much in the
style of Judit Polgar. But the alternative looks quite good too.} (25. Qg4 Qc8
26. Bf5 $16) 25... Rxe7 26. Rxe7+ Qxe7 27. Re1 Qd8 28. Ng4 Nd7 (28... h5 29.
Bh6+ Kf7 30. Ne5+ Kg8 31. Nxg6 $18) 29. Qf4 Kf7 (29... Qf8 30. Re6 Rc8 31. Rd6
Bc6 32. Bc3 $40) 30. Qh6 Qg8 (30... Qh8 31. h4 Re8 32. Rxe8 Kxe8 33. Bxg6+ $18)
(30... Nf8 31. h4 Rc8 32. Bd3 Qd6 33. h5 $40) 31. Qh4 (31. h4 Re8 $1 $132)
31... Qh8 32. Nh6+ Kf8 33. Qg4 f5 (33... Ne5 34. Rxe5 fxe5 35. Qf3+ Ke8 36.
Qf7+ Kd8 37. Qxb7 $18) 34. Nxf5 Qf6 (34... gxf5 35. Bh6+ Kf7 36. Qxf5+ Nf6 37.
Qe6#) 35. Bg5 Qc3 36. Re2 Bc7 37. Ng3 Ne5 38. Qe6 Nf7 39. Be7+ Kg8 40. Nh5 $1 {
A nice touch to finish the game.} gxh5 41. Bf6 (41. Bf6 Qxb4 42. Bxh7+ Kxh7 43.
Qxf7+ Kh6 44. Qg7#) 1-0

[Event "Cannes Generations"]
[Site "Cannes"]
[Date "1998.??.??"]
[Round "4"]
[White "Bacrot, Etienne"]
[Black "Gligoric, Svetozar"]
[Result "1-0"]
[WhiteElo "2565"]
[BlackElo "2480"]
[Annotator "Wedberg,T"]
[PlyCount "105"]
[EventDate "1998.02.21"]
[EventType "schev"]
[EventRounds "8"]
[EventCountry "FRA"]
[SourceTitle "CBM 065"]
[Source "ChessBase"]
[SourceDate "1998.08.06"]
[SourceVersion "1"]
[SourceVersionDate "1998.08.06"]
[SourceQuality "1"]

1. e4 e5 2. Nf3 Nc6 3. Bb5 a6 4. Ba4 Nf6 5. O-O Be7 6. Re1 b5 7. Bb3 d6 8. c3
O-O 9. h3 Nb8 10. d4 Nbd7 11. c4 c6 12. Nbd2 Qc7 13. a4 $146 (13. Bc2 Qa7 14.
cxb5 (14. c5 Re8 15. Nf1 Qc7 16. cxd6 Bxd6 $13 {1/2-1/2 Rosenthal,D-Nagatz,F/
BL9192 1992/BL 90 (25)}) 14... axb5 15. Nf1 c5 16. dxe5 dxe5 17. a4 Bb7 18. Ng3
c4 $11 {1/2-1/2 Byrne,R-Abramovic,B/Reykjavik op 1982/MCD-op (21)}) 13... Rb8
14. cxb5 cxb5 15. axb5 axb5 16. Nf1 Nb6 17. Qd3 Nc4 18. Re2 d5 (18... Bd7 19.
Rc2 {/\Ne3} Qb7 20. d5 Nb6 21. Be3 $14) 19. Nxe5 Nxe4 20. Bf4 Bd6 21. Ng3 Nxg3
$6 (21... f6 $5 {The crucial move.} 22. Nxe4 dxe4 23. Nxc4 $1 (23. Rxe4 fxe5
24. dxe5 Be7 25. Bxc4+ bxc4 26. Qd5+ Kh8 27. Rxc4 Qb6 $17) 23... exd3 24. Nxd6+
Kh8 25. Re3 $16 Bf5 $1 26. Nf7+ Rxf7 27. Bxc7 Rxc7 $11) 22. Qxg3 $14 Bf5 (22...
f6 23. Nd3 Bxf4 24. Nxf4 $16) 23. Ra6 Rb6 24. Rxb6 Nxb6 25. Ng6 Bxf4 26. Qxf4
Qxf4 27. Nxf4 Rd8 28. Re5 Bd7 (28... Be4 29. f3 Nd7 30. Rg5 (30. fxe4 Nxe5 31.
dxe5 dxe4 $15) 30... h6 31. Rg3 Bf5 32. Nxd5 $14) 29. Bxd5 Kf8 30. Bf3 Be8 31.
d5 $16 Nc4 32. Re2 Ra8 33. g4 Ra1+ 34. Kg2 Rb1 35. Nd3 f6 36. Be4 Bf7 37. f3 g6
38. Kf2 Nd6 39. Nf4 Rd1 40. Rc2 f5 41. gxf5 gxf5 42. Bd3 Ke7 43. Ke2 Ra1 44.
Ke3 Kf6 45. Rc6 Ke5 46. Bxb5 $1 $18 Rb1 47. Be2 Ra1 48. Rc7 Ra8 49. Bd1 Re8 50.
Ba4 Rb8 51. b3 Rb6 52. Nd3+ Kf6 53. Rc6 1-0